| 000 | 00522nam a22001457a 4500 | ||
|---|---|---|---|
| 005 | 20250801161811.0 | ||
| 008 | 250801b |||||||| |||| 00| 0 eng d | ||
| 050 |
_aTHE T 58.6 .B37 2013 _bC. 1 |
||
| 100 | _aBARONGO, MOFFAT KOMBO | ||
| 245 |
_aEFFECTS OF INFORMATION SYSTEM PLANNING ON INFORMATION SYSTEM IMPLIMENTATION PROCESS _bCASE STUDY OF UNIVERSITIES AND UNIVERSITY CAMPUSES IN KISII COUNTY, KENYA. |
||
| 260 |
_aKISII _bKSU _c2013 |
||
| 300 | _aXII, 69P., ILL: | ||
| 500 | _aINCLUDES REFERENCES | ||
| 942 |
_2lcc _cREF |
||
| 999 |
_c215986 _d215986 |
||